[Event "Kings Of The Board  -  2400+"]
[Site "SchemingMind.com"]
[Date "2022.03.15"]
[Round "-"]
[White "William Lindberg"]
[Black "Matthew Bailey"]
[Result "0-1"]
[WhiteCountry "USA"]
[BlackCountry "ENG"]
[WhiteElo "2427"]
[WhiteRD "66"]
[BlackElo "2604"]
[BlackRD "81"]
[GameID "721602"]

1. e4 c6 2. d4 d5 3. Nd2 dxe4 4. Nxe4 Bf5 5. Ng3 Bg6 6. Nf3 Nd7 7. Bd3 e6 8. O-O Ngf6 9. Bxg6 hxg6 10. c4 Be7
11. Bf4 O-O 12. Qe2 Re8 13. Rfd1 Qb6 14. c5 Qb5 15. Qc2 Nd5 16. Bd2 a5 17. Ne4 b6 18. cxb6 Reb8 19. Bg5 Bf8 20. Nc3 Qa6
21. a3 a4 22. Rd3 Qxb6 23. Rb1 Qb3 24. Qd2 Rb7 25. Nxd5 Qxd5 26. Qc2 Rab8 27. Bf4 Rc8 28. Re1 Qf5 29. Be5 Rd8 30. Rd2 Qxc2
31. Rxc2 f6 32. Bf4 g5 33. Be3 g4 34. Nd2 c5 35. g3 cxd4 36. Bxd4 e5 37. Be3 f5 38. Nf1 Rdb8 39. Rd1 Kf7 40. Rc4 Ra8
41. Nd2= Nf6 42. Rc2 Rd8 43. Rdc1 Bd6 44. Rc6 Bb8 45. Nc4 f4 46. Bb6 Rd5 47. Ba5 Kg6 48. Re1 Kf5 49. Bb4 Rc7 50. Nxe5 Rxe5
51. Rxe5+ Kxe5 52. Bd6+ Kd5 53. Bxc7 Kxc6 54. Bxb8 f3 55. Be5 Kd5 56. Bc3 Kc4 57. Kf1 Kd3 58. Ke1 Kc2 59. Be5 Ne8 60. Bc3 g6
61. Be5 Kc1 62. Bc3 Nd6 63. Bd4 Nc4 64. Bg7 Nxb2 65. Bf8 Nc4 66. Be7 Kb2 67. Kd1 Kb3 68. Bf8 Nxa3 69. Kd2 Nc4+ 70. Kd3 Nb2+
71. Ke4 Nd1 72. Kf4 Nxf2 73. Be7 Ne4 74. Ke3 f2 75. Ke2 a3 76. Bxa3 Kxa3 77. Kf1 Kb3 78. Ke2 Kc4 79. Kf1 Kd3 80. Kg2 Ke2
0-1

[Event "Kings Of The Board  -  2400+"]
[Site "SchemingMind.com"]
[Date "2022.03.15"]
[Round "-"]
[White "Matthew Bailey"]
[Black "William Lindberg"]
[Result "1-0"]
[WhiteCountry "ENG"]
[BlackCountry "USA"]
[WhiteElo "2604"]
[WhiteRD "81"]
[BlackElo "2427"]
[BlackRD "66"]
[GameID "721603"]

1. e4 e5 2. Nf3 Nc6 3. Bc4 Nf6 4. d4 exd4 5. O-O Bc5 6. e5 d5 7. exf6 dxc4 8. Re1+ Be6 9. Ng5 g6 10. Qf3 O-O
11. Rxe6 fxe6 12. f7+ Kh8 13. Nxe6 Qe7 14. Bg5 Qxf7 15. Nxc5 Qxf3 16. gxf3 Rxf3 17. Nd2 Kg7 18. Nxf3 Re8 19. Nxb7 h6 20. Bd2 Rb8
21. Nc5 c3 22. bxc3 dxc3 23. Bxc3+ Kf7 24. Ne5+ Nxe5 25. Bxe5 Rb5 26. Nd3 c6 27. Bc3 g5 28. Re1 Rb7 29. Ne5+ Ke8 30. Nxc6+ Kd7
31. Ne5+ Kd6 32. Nd3 Rb6 33. Bb4+ Kc6 34. a4 Kb7 35. Re7+ Kb8 36. Kg2 h5 37. Nc5 Rc6 38. Re8+ Kc7 39. Re6 Kb6 40. Rxc6+ Kxc6
41. Ne6 g4 42. Kg3 Kd5 43. Nf4+ Kc4 44. Bd2 Kc5 45. Nxh5
1-0

[Event "Kings Of The Board  -  2400+"]
[Site "SchemingMind.com"]
[Date "2022.03.15"]
[Round "-"]
[White "Robert Bruce"]
[Black "William Lindberg"]
[Result "0-1"]
[WhiteCountry "SCO"]
[BlackCountry "USA"]
[WhiteElo "2413"]
[WhiteRD "63"]
[BlackElo "2460"]
[BlackRD "66"]
[GameID "721605"]

1. d4 Nf6 2. Nf3 d5 3. e3 e6 4. Bd3 Nbd7 5. Nbd2 c5 6. c3 b6 7. e4 cxd4 8. Nxd4 Nc5 9. Qe2 Nxd3+ 10. Qxd3 dxe4
11. Nxe4 Qd5 12. Qb5+ Qxb5 13. Nxf6+ gxf6 14. Nxb5 Kd7 15. Be3 Kc6 16. c4 e5 17. Ke2 Be6 18. b3 Rg8 19. g3 h5 20. Rac1 f5
21. f4 a6 22. Nc3 Ba3 23. Rcd1 e4 24. Nd5 b5 25. c5 Bxd5
0-1

[Event "Kings Of The Board  -  2400+"]
[Site "SchemingMind.com"]
[Date "2022.03.15"]
[Round "-"]
[White "William Lindberg"]
[Black "Robert Bruce"]
[Result "1/2-1/2"]
[WhiteCountry "USA"]
[BlackCountry "SCO"]
[WhiteElo "2427"]
[WhiteRD "66"]
[BlackElo "2400"]
[BlackRD "65"]
[GameID "721606"]

1. e4 e5 2. Nf3 Nc6 3. Bb5 a6 4. Ba4 Nf6 5. O-O Be7 6. Bxc6 dxc6 7. Re1 Nd7 8. b3 c5 9. Bb2 f6 10. Nc3 c6
11. d3 Nf8 12. Ne2 Ne6 13. c3 O-O 14. Qc2 Qb6 15. d4 cxd4 16. cxd4 exd4 17. Nfxd4 Bc5 18. Red1 Rd8 19. Qc4 Re8 20. Nf4 Bxd4
21. Rxd4 Qb5 22. Nxe6 Qxc4 23. bxc4 Bxe6 24. c5 Rad8 25. h3 Kf7 26. f3 Rxd4 27. Bxd4 Rd8 28. Bc3 Rd7 29. a3 f5 30. Rb1 fxe4
31. fxe4 Bc4 32. Kf2 Bb5 33. Re1 Ke6 34. Re3 Bd3 35. Kf3 Bc2 36. Kf4 Rf7+ 37. Kg5 Rf2 38. Bxg7 Rxg2+ 39. Kh6 Kf7 40. Rf3+ Ke6=
1/2-1/2

[Event "Kings Of The Board  -  2400+"]
[Site "SchemingMind.com"]
[Date "2022.03.15"]
[Round "-"]
[White "Robert Bruce"]
[Black "Matthew Bailey"]
[Result "1/2-1/2"]
[WhiteCountry "SCO"]
[BlackCountry "ENG"]
[WhiteElo "2400"]
[WhiteRD "65"]
[BlackElo "2604"]
[BlackRD "81"]
[GameID "721607"]

1. c4 Nf6 2. g3 e5 3. Bg2 Nc6 4. Nc3 Bb4 5. Nd5 a5 6. a3 Bc5 7. e3 d6 8. Ne2 O-O 9. O-O Re8 10. b3 Ba7
11. Bb2 Bf5 12. Re1 Nxd5 13. cxd5 Ne7 14. d4 e4 15. Nc3 Ng6 16. Rc1 Rc8 17. Qd2 Qd7 18. Qc2 c5 19. dxc6 bxc6 20. Bxe4 Rxe4
21. Nxe4 d5 22. Nc5 Bxc5 23. e4 Bxe4 24. Rxe4 dxe4 25. Qxc5 Qg4 26. h3 Qxh3 27. d5 Qg4 28. Kf1 h5 29. Qd4 Ne7 30. dxc6 Nf5
31. Qd7 Rf8 32. Qd5 h4 33. gxh4 e3 34. Qg2 e2+ 35. Kg1 Qf4 36. Qg5 Qe4 37. Re1 Rc8 38. c7 f6 39. Qg2 Qxg2+ 40. Kxg2 Rxc7
41. Rxe2 Rb7 42. Rc2 Rxb3 43. h5 Kh7 44. Bc1 Nh4+ 45. Kf1 Rb5 46. Rc4 Rxh5 47. Ra4 Nf3 48. Ke2 Ng1+=
1/2-1/2

[Event "Kings Of The Board  -  2400+"]
[Site "SchemingMind.com"]
[Date "2022.03.15"]
[Round "-"]
[White "Matthew Bailey"]
[Black "Robert Bruce"]
[Result "1-0"]
[WhiteCountry "ENG"]
[BlackCountry "SCO"]
[WhiteElo "2604"]
[WhiteRD "81"]
[BlackElo "2400"]
[BlackRD "65"]
[GameID "721608"]

1. e4 d6 2. d4 Nf6 3. Nc3 g6 4. Bg5 c6 5. Qd2 Nbd7 6. O-O-O Qa5 7. a3 Rb8 8. e5 dxe5 9. dxe5 Nxe5 10. Re1 Nh5
11. f4 f6 12. Bxf6 exf6 13. fxe5 f5 14. Rd1 Ng7 15. Bc4 b5 16. Bb3 Rb7 17. Nf3 b4 18. Ne2 Rd7 19. Ned4 c5 20. e6 Rd6
21. e7 Bxe7 22. Qh6 Nh5 23. Rhe1 cxd4 24. Re5 Qc7 25. Rde1 bxa3 26. Rxe7+ Qxe7 27. Rxe7+ Kxe7 28. g4 axb2+ 29. Kxb2 fxg4 30. Qg5+ Nf6
31. Nxd4 Rb6 32. Qe5+ Kf8 33. Nb5 Kg7 34. Nd6 Rxd6 35. Qe7+ Kh6 36. Qxd6 Nd7 37. Qe7 Kh5 38. Qg7 Rf8 39. Qxh7+ Kg5 40. Qe7+ Kh5
41. Be6 Nb6 42. Bxg4+
1-0

[Event "Kings Of The Board  -  2400+"]
[Site "SchemingMind.com"]
[Date "2022.03.15"]
[Round "-"]
[White "The Chess Machine"]
[Black "Robert Bruce"]
[Result "1/2-1/2"]
[WhiteCountry "ENG"]
[BlackCountry "SCO"]
[WhiteElo "2547"]
[WhiteRD "77"]
[BlackElo "2400"]
[BlackRD "65"]
[GameID "721618"]

1. e4 c5 2. Nf3 d6 3. d4 cxd4 4. Nxd4 Nf6 5. f3 e5 6. Nb3 a5 7. a4 Be7 8. c4 Be6 9. Be3 Nfd7 10. Nc3 O-O
11. Be2 Nc5 12. Nxc5 dxc5 13. Qxd8 Rxd8 14. Nd5 Bd6 15. Kf2 Nc6 16. h4 b6 17. g4 h6 18. Rag1 Kh7 19. g5 h5 20. Kg3 Nd4
21. Rh2 Re8 22. Bd1 Rab8 23. Rf2 Kh8 24. f4 g6 25. Rgf1 exf4+ 26. Bxf4 Bxf4+ 27. Kxf4 Bh3 28. Re1 Be6 29. Re3 Bd7 30. b3 Bc6
31. Rd3 Re6 32. Bf3 Rf8 33. e5 Rd8 34. Bg2 Bb7 35. Rfd2 Kg7 36. Be4 Bc6 37. Nf6 Bxe4 38. Kxe4 Rdd6 39. Kf4 Rd8 40. Nd5 Rc8
41. Nf6 Rd8 42. Ke4 Kf8 43. Rxd4 Rxd4+ 44. Rxd4 cxd4 45. Kxd4 Ke7 46. Kd5 Kd8=
1/2-1/2

[Event "Kings Of The Board  -  2400+"]
[Site "SchemingMind.com"]
[Date "2022.03.15"]
[Round "-"]
[White "Robert Bruce"]
[Black "The Chess Machine"]
[Result "0-1"]
[WhiteCountry "SCO"]
[BlackCountry "ENG"]
[WhiteElo "2400"]
[WhiteRD "65"]
[BlackElo "2547"]
[BlackRD "77"]
[GameID "721619"]

1. d4 Nf6 2. c4 e6 3. g3 Bb4+ 4. Bd2 a5 5. Bg2 d6 6. e4 e5 7. Ne2 O-O 8. a3 Bxd2+ 9. Nxd2 Bg4 10. f3 Bd7
11. O-O Nc6 12. d5 Nb8 13. Nc1 Na6 14. Nd3 c6 15. Qe2 h5 16. Qe3 cxd5 17. exd5 b5 18. Rfc1 bxc4 19. Nxc4 Bb5 20. Qd2 Rc8
21. Ne3 Bxd3 22. Rxc8 Qxc8 23. Qxd3 Nc5 24. Qb5 Qa8 25. Qe2 a4 26. Nf5 Qd8 27. Rf1 g6 28. Ne3 h4 29. g4 Qe7 30. Rd1 Rb8
31. Kh1 Rb3 32. Nc4 h3 33. Bxh3 e4 34. Bg2 Nd3 35. fxe4 Nxd5 36. Rxd3 Nf4 37. Qe3 Nxd3 38. Nd2 Rxb2 39. Qxd3 Ra2 40. Nf3 Qc7
41. h4 Qc1+ 42. Kh2 Qb2 43. Ne1 Qxa3 44. Qxa3 Rxa3 45. e5 dxe5 46. Bd5 Kg7 47. Kg2 Rc3 48. Kf2 f5 49. gxf5 gxf5 50. Ke2 e4
51. Kd2 Rh3 52. Bc4 Kf6 53. Nc2 f4 54. Bf1 Rxh4 55. Bb5 Rh2+ 56. Kc3 Rxc2+ 57. Kxc2 a3 58. Bc4 Ke5
0-1

[Event "Kings Of The Board  -  2400+"]
[Site "SchemingMind.com"]
[Date "2022.03.15"]
[Round "-"]
[White "The Chess Machine"]
[Black "William Lindberg"]
[Result "1-0"]
[WhiteCountry "ENG"]
[BlackCountry "USA"]
[WhiteElo "2547"]
[WhiteRD "77"]
[BlackElo "2427"]
[BlackRD "66"]
[GameID "721620"]

1. e4 e5 2. Nf3 Nc6 3. Bb5 a6 4. Ba4 Nf6 5. Qe2 b5 6. Bb3 Bc5 7. c3 O-O 8. O-O d6 9. h3 Bb6 10. d3 h6
11. Be3 Bxe3 12. Qxe3 Na5 13. Bc2 c5 14. Nbd2 Re8 15. a3 Nc6 16. b4 Be6 17. bxc5 dxc5 18. Qxc5 Rc8 19. Qe3 Na5 20. d4 exd4
21. Nxd4 Bd7 22. e5 Nd5 23. Qd3 g6 24. N2f3 Rxc3 25. Qe4 Rc5 26. Rad1 Qe7 27. Qe1 Nc6 28. Qd2 Nxd4 29. Nxd4 Nb6 30. f4 Nc4
31. Qf2 Nxa3 32. Bd3 Nc4 33. Rfe1 Kg7 34. Kh2 Rf8 35. Re2 Kh8 36. Rde1 Bc8 37. Be4 Rc7 38. Bb1 Rg8 39. f5 f6 40. fxg6 fxe5
41. Nf3 Qf6 42. Qg3 Qf4 43. Nxe5 Qxg3+ 44. Kxg3 Nd6 45. Rd2 Nc4 46. Rf2 Be6 47. Rf6 Nxe5 48. Rxe6 Nc6 49. g7+ Kxg7 50. Kh2 Nb4
51. Rg6+ Kf8 52. Rxh6 Rgg7 53. Ree6 Rce7 54. Rb6 Kg8 55. Rb8+ Kf7 56. h4 Re6 57. Rxe6 Kxe6 58. h5 Nc6 59. Rb6 Kd5 60. h6 Rg5
61. h7 Rh5+ 62. Kg3 Nb4 63. Kf2 Rh2 64. Bf5 Rh4 65. g4 Kc5 66. Re6 Kd5 67. Re1 Nc6 68. Kg3 Rxh7 69. Bxh7 Kd6 70. g5 Ne7
71. Rxe7 Kxe7 72. Bd3 Kf7 73. Kg4 Ke6 74. Kh5
1-0

[Event "Kings Of The Board  -  2400+"]
[Site "SchemingMind.com"]
[Date "2022.03.15"]
[Round "-"]
[White "William Lindberg"]
[Black "The Chess Machine"]
[Result "1/2-1/2"]
[WhiteCountry "USA"]
[BlackCountry "ENG"]
[WhiteElo "2427"]
[WhiteRD "66"]
[BlackElo "2547"]
[BlackRD "77"]
[GameID "721621"]

1. c4 c5 2. Nf3 Nf6 3. e3 g6 4. Be2 Bg7 5. O-O O-O 6. d4 cxd4 7. Nxd4 Nc6 8. Nc3 d5 9. b3 Re8 10. Bb2 Nxd4
11. exd4 b6 12. Rc1 a6 13. h3 Bb7 14. Qd2 e6 15. Rfe1 Re7 16. Red1 Rd7 17. Qe3 h5 18. c5 bxc5 19. Na4 c4 20. Nc5 Re7
21. bxc4 dxc4 22. Bxc4 Bd5 23. Qe2 a5 24. Bb3 Rc7 25. Rc2 Bxb3 26. axb3 Nd5 27. Rc4 Nb6 28. Rcc1 Qd5 29. Qd3 Rcc8 30. Qe2 Rd8
31. Ba1 Ra7 32. Qe1 Qa8 33. Rd3 Nd5 34. Bb2 Nf4 35. Rf3 Nd5 36. Qd2 Ne7 37. Rd3 Qd5 38. Rc4 Nf5 39. Qf4 h4 40. Qe4 Rad7
41. Qe1 Ra7 42. Qd1 Raa8 43. Bc3 Kh7 44. Kh1 Rdb8 45. Be1 Rc8 46. Bc3 Nd6 47. Ra4 Nb5 48. Rc4 Nxc3 49. Rcxc3 Kg8 50. Qg4 Bf6
51. Ne4 Be7 52. Rxc8+ Rxc8 53. Qf4 Qf5 54. Qxf5 gxf5 55. Nc3 Bf6 56. Nd1 f4 57. Nc3 Kh7 58. g3 fxg3 59. fxg3 hxg3 60. Ne2 Bg7
61. Rf3 Rc7 62. h4 Bh8 63. Rd3 Rd7 64. Kg2 Be5 65. Rf3 Bc7 66. Nxg3 Bxg3=
1/2-1/2

[Event "Kings Of The Board  -  2400+"]
[Site "SchemingMind.com"]
[Date "2022.03.15"]
[Round "-"]
[White "The Chess Machine"]
[Black "Matthew Bailey"]
[Result "1/2-1/2"]
[WhiteCountry "ENG"]
[BlackCountry "ENG"]
[WhiteElo "2543"]
[WhiteRD "87"]
[BlackElo "2583"]
[BlackRD "83"]
[GameID "721622"]

1. e4 c6 2. d4 d5 3. e5 c5 4. Nf3 Nc6 5. c4 cxd4 6. Nxd4 e6 7. Nc3 Bb4 8. Nxc6 bxc6 9. Qa4 Rb8 10. cxd5 exd5
11. Qxc6+ Kf8 12. a3 Ne7 13. Qa4 Ba5 14. b4 Qc7 15. Bb2 d4 16. Ne4 Qxe5 17. Bd3 Bf5 18. O-O Bxe4 19. Bxe4 Bc7 20. Rfe1 Qxh2+
21. Kf1 Bb6 22. Qb3 h5 23. Qh3 Qxh3 24. gxh3 Rh6 25. Rad1=
1/2-1/2

[Event "Kings Of The Board  -  2400+"]
[Site "SchemingMind.com"]
[Date "2022.03.15"]
[Round "-"]
[White "Matthew Bailey"]
[Black "The Chess Machine"]
[Result "1/2-1/2"]
[WhiteCountry "ENG"]
[BlackCountry "ENG"]
[WhiteElo "2583"]
[WhiteRD "83"]
[BlackElo "2543"]
[BlackRD "87"]
[GameID "721623"]

1. e4 e5 2. Nf3 Nc6 3. Bc4 Bc5 4. b4 Bxb4 5. c3 Ba5 6. d4 b5 7. Bxb5 Nxd4 8. Nxd4 exd4 9. Qxd4 Qf6 10. O-O Bb6
11. Qd3 Ne7 12. Nd2 O-O 13. Nf3 h6 14. a4 Ba5 15. Qd4 Qe6 16. Re1 d6 17. Bf4 a6 18. Bc4 Nc6 19. Qd5 Bd7 20. Bd2 Ne5
21. Nxe5 Qxe5 22. Qxe5 dxe5 23. Kf1 Rfd8 24. Ke2 Kf8=
1/2-1/2

[Event "Kings Of The Board  -  2400+"]
[Site "SchemingMind.com"]
[Date "2022.03.18"]
[Round "-"]
[White "Jari Laine"]
[Black "The Chess Machine"]
[Result "1/2-1/2"]
[WhiteCountry "FIN"]
[BlackCountry "ENG"]
[WhiteElo "2484"]
[WhiteRD "83"]
[BlackElo "2547"]
[BlackRD "77"]
[GameID "721711"]

1. d4 e6 2. c4 f5 3. a3 Nf6 4. Nc3 d5 5. Nf3 c6 6. Bf4 dxc4 7. g3 Nd5 8. e3 b5 9. Ne5 g6 10. h4 Be7
11. Bg2 Bb7 12. a4 a6 13. g4 Nd7 14. Bxd5 cxd5 15. axb5 axb5 16. Rxa8 Qxa8 17. Nxb5 Qa5+ 18. Nc3 fxg4 19. Qxg4 Qa1+ 20. Nd1 Qa5+
21. Nc3 Qa1+ 22. Nd1 Qa5+=
1/2-1/2

[Event "Kings Of The Board  -  2400+"]
[Site "SchemingMind.com"]
[Date "2022.03.18"]
[Round "-"]
[White "The Chess Machine"]
[Black "Jari Laine"]
[Result "1/2-1/2"]
[WhiteCountry "ENG"]
[BlackCountry "FIN"]
[WhiteElo "2547"]
[WhiteRD "77"]
[BlackElo "2484"]
[BlackRD "83"]
[GameID "721712"]

1. e4 c5 2. Nf3 d6 3. d4 cxd4 4. Nxd4 Nf6 5. Nc3 a6 6. h3 e5 7. Nde2 h5 8. g3 Be7 9. Bg2 b5 10. Nd5 Nxd5
11. Qxd5 Ra7 12. Be3 Rb7 13. Qd2 Nd7 14. b3 Rc7 15. O-O Bb7 16. Rfc1 h4 17. g4 O-O 18. Nc3 Re8 19. Nd5 Bxd5 20. exd5 e4
21. a4 Bf6 22. Ra2 Rc3 23. axb5=
1/2-1/2

[Event "Kings Of The Board  -  2400+"]
[Site "SchemingMind.com"]
[Date "2022.04.16"]
[Round "-"]
[White "The Chess Machine"]
[Black "John C. Walton"]
[Result "1/2-1/2"]
[WhiteCountry "ENG"]
[BlackCountry "USA"]
[WhiteElo "2551"]
[WhiteRD "76"]
[BlackElo "2599"]
[BlackRD "87"]
[GameID "722793"]

1. e4 e5 2. Nf3 Nc6 3. Bc4 Bc5 4. O-O Nf6 5. d3 O-O 6. c3 d6 7. Bb3 h6 8. h3 a5 9. Re1 Re8 10. Nbd2 Be6
11. Ba4 Nd7 12. Nf1 d5 13. exd5 Bxd5 14. Ne3 Bxe3 15. Bxe3 Qf6 16. Nd2 Rad8 17. Qg4 g5 18. Nb3 Qg6 19. Qe2 f5 20. f3 h5
21. c4 Be6 22. Bxc6 bxc6 23. Nxa5 f4 24. Nxc6=
1/2-1/2

[Event "Kings Of The Board  -  2400+"]
[Site "SchemingMind.com"]
[Date "2022.04.16"]
[Round "-"]
[White "John C. Walton"]
[Black "The Chess Machine"]
[Result "1/2-1/2"]
[WhiteCountry "USA"]
[BlackCountry "ENG"]
[WhiteElo "2599"]
[WhiteRD "87"]
[BlackElo "2551"]
[BlackRD "76"]
[GameID "722794"]

1. d4 Nf6 2. c4 e6 3. g3 d5 4. Nf3 Be7 5. Bg2 O-O 6. O-O dxc4 7. Qc2 a6 8. a4 Bd7 9. Qxc4 Bc6 10. Bg5 Nbd7
11. Nc3 a5 12. Rfd1 h6 13. Bf4 Bb4 14. Qb3 Qe7 15. Ne5 Bxg2 16. Kxg2 Nxe5 17. dxe5 Bxc3 18. bxc3 Nd5 19. Bc1 Rfd8 20. Rd4 Rab8
21. Rg4 Kh8 22. c4 Nb4 23. Be3 Nc6=
1/2-1/2

[Event "Kings Of The Board  -  2400+"]
[Site "SchemingMind.com"]
[Date "2022.04.17"]
[Round "-"]
[White "Robert Bruce"]
[Black "John C. Walton"]
[Result "0-1"]
[WhiteCountry "SCO"]
[BlackCountry "USA"]
[WhiteElo "2312"]
[WhiteRD "72"]
[BlackElo "2582"]
[BlackRD "84"]
[GameID "722795"]

1. d4 d5 2. Nf3 Nf6 3. e3 e6 4. Bd3 c5 5. O-O Nc6 6. c3 Bd6 7. Nbd2 O-O 8. dxc5 Bxc5 9. b4 Bd6 10. Bb2 a6
11. a3 Ne5 12. Nxe5 Bxe5 13. Qe2 Re8 14. f4 Bc7 15. Nf3 Qe7 16. Ne5 b5 17. a4 bxa4 18. c4 dxc4 19. Bxc4 Bb7 20. Ng4 Nd5
21. f5 Qg5 22. fxe6 Rxe6 23. Qf3 Rf8 24. e4 h5 25. Nf2 Qh4 26. g3 Rg6 27. Ra3 Nxb4 28. Qf5 Qg5 29. Qxg5 Rxg5 30. Rxa4 a5
31. Ba3 Bc6 32. Bxb4 Bxa4 33. Bxf8 Kxf8 34. Nh3 Rc5 35. Bxf7 Ke7 36. Nf4 Bb6 37. Ng6+ Kd6 38. Kh1 Bc6 39. Rd1+ Kc7 40. Bd5 Bxd5
41. exd5 a4 42. Nf4 Kd6 43. Rb1 Ba5 44. Ra1 Rc4 45. Kg2= Bc3 46. Ra2 g5 47. Nd3 Rd4 48. Nf2 Be1 49. Kf1 Bxf2 50. Kxf2 Kxd5
51. Ke2 h4 52. gxh4 gxh4 53. Ke3 Kc5 54. h3 Rb4 55. Kd2 Kb5 56. Ra1 Rb2+ 57. Kc3 Rb3+ 58. Kc2 Rxh3 59. Rf1 a3 60. Kb1 Rg3
61. Rf7 h3 62. Rb7+ Kc6 63. Rh7 Kd5
0-1

[Event "Kings Of The Board  -  2400+"]
[Site "SchemingMind.com"]
[Date "2022.04.17"]
[Round "-"]
[White "John C. Walton"]
[Black "Robert Bruce"]
[Result "1-0"]
[WhiteCountry "USA"]
[BlackCountry "SCO"]
[WhiteElo "2582"]
[WhiteRD "84"]
[BlackElo "2312"]
[BlackRD "72"]
[GameID "722796"]

1. d4 Nf6 2. c4 c5 3. d5 b5 4. cxb5 a6 5. bxa6 g6 6. Nc3 Bxa6 7. e4 Bxf1 8. Kxf1 d6 9. g3 Nbd7 10. Kg2 Bg7
11. Nf3 Qa5 12. a4 O-O 13. Bd2 Qa6 14. Re1 c4 15. Qc2 Nc5 16. Nb5 Nd3 17. Re2 Nh5 18. Nfd4 Rfb8 19. Bc3 Qc8 20. f3 Qd7
21. Ra3 e6 22. Nc6 Re8 23. Bxg7 Kxg7 24. Qxc4 Nhf4+ 25. gxf4 Nxf4+ 26. Kf2 exd5 27. Qd4+ f6 28. Rc2 Qh3 29. Ke1 dxe4 30. fxe4 Qh4+
31. Kf1 Ne6 32. Qe3 Ng5 33. Nxd6 Re6 34. Nf5+ gxf5 35. Nd4 Re5 36. Nxf5+ Rxf5+ 37. exf5 Qg4 38. Qe7+ Kg8 39. Qd7 Qf4+ 40. Ke1 Rf8
41. Rc8 Qxh2 42. Rxf8+ Kxf8 43. Re3 Qg1+ 44. Kd2 Qf2+ 45. Kd3 Qf1+ 46. Kc2 Qf2+ 47. Qd2 Qxf5+ 48. Kb3 Kg7 49. Re7+ Kg6 50. Qc2 Qxc2+
51. Kxc2 Nf3 52. Kd3 Nh4 53. a5 Nf5 54. Rd7 Nh6 55. a6
1-0

[Event "Kings Of The Board  -  2400+"]
[Site "SchemingMind.com"]
[Date "2022.04.17"]
[Round "-"]
[White "William Lindberg"]
[Black "John C. Walton"]
[Result "1/2-1/2"]
[WhiteCountry "USA"]
[BlackCountry "USA"]
[WhiteElo "2385"]
[WhiteRD "68"]
[BlackElo "2588"]
[BlackRD "91"]
[GameID "722797"]

1. e4 c5 2. Nf3 Nc6 3. Bb5 d6 4. O-O Bd7 5. Re1 Nf6 6. c3 a6 7. Bf1 Bg4 8. d4 cxd4 9. cxd4 d5 10. Nc3 e6
11. exd5 Nxd5 12. h3 Bxf3 13. Qxf3 Be7 14. Rd1 O-O 15. g3 Qd7 16. Nxd5 Qxd5 17. Qxd5 exd5 18. Be3 h5 19. Rac1 h4 20. a3 hxg3
21. fxg3 Bd6 22. Bf2 Ne7 23. Be2 b5 24. Kg2 Rfb8 25. h4 a5 26. g4 Ra7 27. Bg3 Bxg3 28. Kxg3 a4 29. h5 b4 30. Rd3 g6
31. Rc5 bxa3 32. bxa3 Rb2 33. Bd1 Kg7 34. Bc2 gxh5 35. gxh5 Ra6 36. Rf3 Ra2 37. Rcc3 Re6 38. Bxa4 Re4 39. Bd7 Ng8 40. a4 Rxd4
41. Ra3 Rxa3 42. Rxa3 Nf6 43. Bb5 Nxh5+ 44. Kf2 Rf4+ 45. Ke1 Re4+ 46. Kd2 Nf4 47. a5 Re7 48. a6 Ra7 49. Kc3 Ne6 50. Kb4 Kf6
51. Ka5 Nc7 52. Bf1 Ra8 53. Kb6 Nxa6 54. Bxa6 Ke5 55. Kc5 Ra7 56. Ra1 Rc7+ 57. Kb6 Rc2 58. Re1+ Kd6 59. Rf1 Ke6 60. Bd3 Rc3
61. Bh7 Rb3+ 62. Kc5 Rc3+ 63. Kd4 Rc4+ 64. Ke3 Rh4 65. Bb1 d4+ 66. Kd2 Rh2+=
1/2-1/2

[Event "Kings Of The Board  -  2400+"]
[Site "SchemingMind.com"]
[Date "2022.04.17"]
[Round "-"]
[White "John C. Walton"]
[Black "William Lindberg"]
[Result "1/2-1/2"]
[WhiteCountry "USA"]
[BlackCountry "USA"]
[WhiteElo "2599"]
[WhiteRD "87"]
[BlackElo "2388"]
[BlackRD "68"]
[GameID "722798"]

1. d4 Nf6 2. c4 e6 3. Nc3 Bb4 4. f3 c5 5. d5 O-O 6. e4 exd5 7. cxd5 Re8 8. Nh3 d6 9. Nf2 Nbd7 10. a3 Ba5
11. Be2 Ne5 12. g4 Nfd7 13. f4 Ng6 14. h4 Nxh4 15. Kf1 Ng6 16. Bb5 a6 17. Bxd7 Bxd7 18. Qf3 f6 19. f5 Ne5 20. Qh3 Kf7
21. Qh5+ Ke7 22. Qxh7 Rg8 23. Bf4 Nf7 24. g5 fxg5 25. Bg3 Qb6 26. Kg2 Qxb2 27. f6+ Kf8 28. e5 Qxc3 29. e6 Qxf6 30. Ne4 Qb2+
31. Nf2 Qf6 32. Ne4=
1/2-1/2

[Event "Kings Of The Board  -  2400+"]
[Site "SchemingMind.com"]
[Date "2022.04.17"]
[Round "-"]
[White "John C. Walton"]
[Black "Matthew Bailey"]
[Result "1-0"]
[WhiteCountry "USA"]
[BlackCountry "ENG"]
[WhiteElo "2599"]
[WhiteRD "87"]
[BlackElo "2585"]
[BlackRD "80"]
[GameID "722799"]

1. d4 f5 2. g3 Nf6 3. Bg2 e6 4. Nf3 d5 5. O-O Be7 6. c4 Ne4 7. Nc3 c6 8. Nxe4 fxe4 9. Ne5 Nd7 10. Bf4 O-O
11. f3 Nxe5 12. Bxe5 exf3 13. exf3 Bf6 14. f4 Bxe5 15. dxe5 Qb6+ 16. Rf2 Bd7 17. Qg4 Rae8 18. Rc1 Re7 19. Bf1 Be8 20. Bd3 g6
21. h4 Qe3 22. Rc3 Qe1+ 23. Rf1 Qe3+ 24. Kg2 Qb6 25. cxd5 cxd5 26. Qe2 Bc6 27. Kh2 d4 28. Rc2 Ref7 29. Rd1 Bd5 30. Rdc1 Kh8
31. h5 g5 32. h6 gxf4 33. gxf4 Bc6 34. Qg4 Rg8 35. Qh4 Qd8 36. Qxd8 Rxd8 37. Rf2 a6 38. Bc4 Re8 39. f5 Rxf5 40. Rxf5 exf5
41. Rd1 Rxe5 42. Rxd4 Re4 43. Rd6
1-0

[Event "Kings Of The Board  -  2400+"]
[Site "SchemingMind.com"]
[Date "2022.04.17"]
[Round "-"]
[White "Matthew Bailey"]
[Black "John C. Walton"]
[Result "1/2-1/2"]
[WhiteCountry "ENG"]
[BlackCountry "USA"]
[WhiteElo "2585"]
[WhiteRD "80"]
[BlackElo "2599"]
[BlackRD "87"]
[GameID "722800"]

1. e4 e5 2. Nf3 Nc6 3. d4 exd4 4. Bc4 Bc5 5. c3 Nf6 6. e5 d5 7. Be2 Ne4 8. cxd4 Bb4+ 9. Bd2 Nxd2 10. Nbxd2 O-O
11. O-O f6 12. a3 Ba5 13. Bb5 Ne7 14. Qc2 fxe5 15. Nxe5 Ng6 16. Ndf3 Bf5 17. Bd3 Nxe5 18. Nxe5 Bxd3 19. Qxd3 Rf4 20. g3 Re4
21. Qb3 Bb6 22. Nf3 Qd7 23. Rfe1 Rae8 24. Rxe4 Rxe4 25. Kg2 h6 26. Rd1 Re2 27. Qd3 Qe6 28. Rd2 Rxd2 29. Qxd2=
1/2-1/2

[Event "Kings Of The Board  -  2400+"]
[Site "SchemingMind.com"]
[Date "2022.04.21"]
[Round "-"]
[White "Jari Laine"]
[Black "Ricardo Martinez Puigros"]
[Result "1/2-1/2"]
[WhiteCountry "FIN"]
[BlackCountry "ESP"]
[WhiteElo "2560"]
[WhiteRD "80"]
[BlackElo "2530"]
[BlackRD "78"]
[GameID "722824"]

1. d4 Nf6 2. c4 e6 3. Nc3 Bb4 4. a3 Bxc3+ 5. bxc3 b6 6. Bg5 h6 7. Bh4 g5 8. Bg3 Bb7 9. Nf3 d6 10. Nd2 Qe7
11. f3 Nc6 12. Nb3 O-O-O 13. Bf2 h5 14. a4 a5 15. e4 h4 16. Qe2 Ba6 17. O-O-O e5 18. d5 Nb8 19. Kb2 Bb7 20. Be3 Rdg8
21. h3 Na6 22. Ka3 Nd7 23. Rb1 Nac5 24. Qc2 Nxb3 25. Rxb3 Rg6 26. Rb2 Kd8 27. Bd3 Bc8 28. Qe2 Ke8 29. Rd1 Kf8=
1/2-1/2

[Event "Kings Of The Board  -  2400+"]
[Site "SchemingMind.com"]
[Date "2022.04.19"]
[Round "-"]
[White "The Chess Machine"]
[Black "Ricardo Martinez Puigros"]
[Result "1/2-1/2"]
[WhiteCountry "ENG"]
[BlackCountry "ESP"]
[WhiteElo "2547"]
[WhiteRD "77"]
[BlackElo "2449"]
[BlackRD "79"]
[GameID "722826"]

1. e4 c5 2. Nf3 d6 3. d4 cxd4 4. Nxd4 Nf6 5. Nc3 a6 6. Be3 e5 7. Nb3 Be6 8. f3 h5 9. Qd2 Nbd7 10. Nd5 Bxd5
11. exd5 g6 12. O-O-O Nb6 13. Kb1 Nfxd5 14. Bg5 Be7 15. Bxe7 Qxe7 16. c4 Nf6 17. Qxd6 Qxd6 18. Rxd6 Nbd7 19. Be2=
1/2-1/2

[Event "Kings Of The Board  -  2400+"]
[Site "SchemingMind.com"]
[Date "2022.04.18"]
[Round "-"]
[White "Ricardo Martinez Puigros"]
[Black "The Chess Machine"]
[Result "1/2-1/2"]
[WhiteCountry "ESP"]
[BlackCountry "ENG"]
[WhiteElo "2449"]
[WhiteRD "79"]
[BlackElo "2547"]
[BlackRD "77"]
[GameID "722827"]

1. d4 Nf6 2. c4 e6 3. Nc3 Bb4 4. Qc2 O-O 5. e4 d5 6. e5 Ne4 7. Bd3 c5 8. Nf3 cxd4 9. Nxd4 Nd7 10. Bf4 Qh4
11. g3 Qh5 12. cxd5 exd5 13. O-O Nxe5 14. Bxe5 Qxe5 15. Nf3 Qh5 16. Nxd5 Nd2 17. Nxd2 Qxd5 18. Nc4 g6=
1/2-1/2